[Event "Bekasi Scua op 2nd"]
[Site "Bekasi"]
[Date "2022.04.16"]
[Round "7"]
[White "Iswar, Ade"]
[Black "Raymond, Arifin"]
[Result "1-0"]
[WhiteElo "1843"]
[BlackElo "1687"]
[PlyCount "61"]
[EventDate "2022.04.13"]
[EventType "swiss"]
[EventRounds "9"]
[EventCountry "INA"]
[SourceTitle "EXT 2023"]
[Source "ChessBase"]
[SourceDate "2022.10.05"]
[SourceVersion "1"]
[SourceVersionDate "2022.10.05"]
[SourceQuality "1"]

1. d4 Nf6 2. c4 g6 3. Nc3 Bg7 4. e4 d6 5. f4 0-0 6. Nf3 c5 7. d5 e6 8. Bd3 exd5 9. cxd5 Re8 10. 0-0 c4 11. Bc2 b5 12. a3 Qb6+ 13. Kh1 a5 14. Qe1 Nbd7 15. Be3 Nc5 16. Bd4 Bb7 17. Rd1 Ba6 18. e5 Nfd7 19. Qg3 Qc7 20. e6 fxe6 21. Bxg7 Kxg7 22. dxe6 Nxe6 23. f5 Nef8 24. Rxd6 Qc5 25. fxg6 hxg6 26. Rxg6+ Nxg6 27. Qxg6+ Kf8 28. Ne5+ Ke7 29. Qf7+ Kd6 30. Qxd7+ Kxe5 31. Rf5# 1-0

[Event "Bekasi Scua op 1st"]
[Site "Bekasi"]
[Date "2022.01.15"]
[Round "6"]
[White "Raymond, Arifin"]
[Black "Supriyanto, Tommy"]
[Result "0-1"]
[WhiteElo "1719"]
[BlackElo "2073"]
[PlyCount "22"]
[EventDate "2022.01.12"]
[EventType "swiss"]
[EventRounds "9"]
[EventCountry "INA"]
[SourceTitle "CBM 206 Extra"]
[Source "ChessBase"]
[SourceDate "2022.03.31"]
[SourceVersion "1"]
[SourceVersionDate "2022.03.31"]
[SourceQuality "1"]

1. e4 g6 2. d4 Bg7 3. Nc3 c6 4. Nf3 d6 5. Be2 Nf6 6. 0-0 0-0 7. Be3 Qc7 8. Qd2 Bg4 9. Bf4 e5 10. dxe5 dxe5 11. Bg3 Nbd7 0-1

[Event "Bekasi Scua op 1st"]
[Site "Bekasi"]
[Date "2022.01.13"]
[Round "2"]
[White "Fabian, Lumentut"]
[Black "Raymond, Arifin"]
[Result "0-1"]
[WhiteElo "1961"]
[BlackElo "1719"]
[PlyCount "63"]
[EventDate "2022.01.12"]
[EventType "swiss"]
[EventRounds "9"]
[EventCountry "INA"]
[SourceTitle "CBM 206 Extra"]
[Source "ChessBase"]
[SourceDate "2022.03.31"]
[SourceVersion "1"]
[SourceVersionDate "2022.03.31"]
[SourceQuality "1"]

1. Nf3 Nf6 2. c4 g6 3. Nc3 Bg7 4. g3 d5 5. cxd5 Nxd5 6. Bg2 0-0 7. 0-0 Nc6 8. Qb3 Nb6 9. a3 e5 10. d3 Be6 11. Qd1 a6 12. Ng5 Bd7 13. Nge4 Qe7 14. b4 f5 15. Nc5 e4 16. Qb3+ Kh8 17. Bd2 Nd4 18. Qa2 Bc6 19. dxe4 fxe4 20. Rac1 a5 21. b5 Qxc5 22. bxc6 Qxc6 23. Bxe4 Nxe2+ 24. Nxe2 Qxe4 25. Bc3 Bxc3 26. Nxc3 Qc4 27. Qb2 Qd4 28. Rcd1 Qg7 29. Qc1 c6 30. Ne4 Nd5 31. Nc5 Rf7 32. Rd3 0-1

[Event "Bekasi Scua op 1st"]
[Site "Bekasi"]
[Date "2022.01.13"]
[Round "3"]
[White "Raymond, Arifin"]
[Black "Akmalnaidi, Akbar"]
[Result "0-1"]
[WhiteElo "1719"]
[BlackElo "2104"]
[PlyCount "120"]
[EventDate "2022.01.12"]
[EventType "swiss"]
[EventRounds "9"]
[EventCountry "INA"]
[SourceTitle "CBM 206 Extra"]
[Source "ChessBase"]
[SourceDate "2022.03.31"]
[SourceVersion "1"]
[SourceVersionDate "2022.03.31"]
[SourceQuality "1"]

1. e4 e5 2. Nf3 Nc6 3. d4 exd4 4. Nxd4 Nf6 5. Nxc6 bxc6 6. Bd3 d5 7. Qe2 Be7 8. e5 Nd7 9. 0-0 0-0 10. f4 f5 11. Qh5 Nc5 12. Rf3 g6 13. Qh6 Rf7 14. Nd2 Bf8 15. Qh3 Be6 16. Nb3 Nxd3 17. cxd3 c5 18. Be3 Rb8 19. Bf2 d4 20. Bh4 Qd7 21. Bf6 Be7 22. Bxe7 Qxe7 23. Qh6 c6 24. h4 Rg7 25. Rg3 Bxb3 26. axb3 Rxb3 27. h5 Qh4 28. Rh3 Qg4 29. Kh2 gxh5 30. Qxc6 Kh8 31. Qd5 Rxb2 32. Qd8+ Rg8 33. Qf6+ Qg7 34. Rxh5 Rxg2+ 35. Kh1 Rg6 36. Qxg7+ R8xg7 37. Rb1 Rb6 38. Rc1 Rc6 39. Rb1 Rb6 40. Rc1 Rc6 41. Rb1 Rf7 42. Rb8+ Kg7 43. Rg5+ Rg6 44. Rh5 Rh6 45. Rxh6 Kxh6 46. Rc8 Kh5 47. Rg8 c4 48. dxc4 d3 49. Rg3 d2 50. Rd3 Kg4 51. Rxd2 Kxf4 52. Re2 Re7 53. e6 Kg5 54. c5 Kf6 55. c6 Rxe6 56. Rc2 Re8 57. Ra2 Re7 58. Rb2 Ke6 59. Rb7 Kd6 60. Rb5 Rf7 0-1

[Event "Jakarta op"]
[Site "Jakarta"]
[Date "2018.07.03"]
[Round "9"]
[White "Mahmud, Syarif"]
[Black "Raymond, Arifin"]
[Result "1-0"]
[WhiteElo "2159"]
[BlackElo "1623"]
[PlyCount "87"]
[EventDate "2018.06.29"]
[EventType "swiss"]
[EventRounds "9"]
[EventCountry "INA"]
[SourceTitle "CBM 185 Extra"]
[Source "ChessBase"]
[SourceDate "2018.07.29"]
[SourceVersion "1"]
[SourceVersionDate "2018.07.29"]
[SourceQuality "1"]

1. d4 Nf6 2. c4 g6 3. Nc3 Bg7 4. e4 d6 5. Nf3 0-0 6. Be2 e5 7. dxe5 dxe5 8. Qxd8 Rxd8 9. Bg5 Re8 10. Nd5 Nxd5 11. cxd5 c6 12. Bc4 cxd5 13. Bxd5 Nc6 14. 0-0-0 Bg4 15. Be3 Nd4 16. Bxd4 exd4 17. Rd3 Bxf3 18. Rxf3 Re7 19. Kb1 Rc8 20. Rc1 Rec7 21. Bxf7+ Kh8 22. Rxc7 Rxc7 23. Bb3 b5 24. g3 Be5 25. Rf8+ Kg7 26. Rg8+ Kh6 27. f4 Bf6 28. g4 Be7 29. Bd1 d3 30. g5+ Bxg5 31. fxg5+ Kxg5 32. Rd8 Kf4 33. Rxd3 Kxe4 34. Bc2 Ke5 35. Kc1 g5 36. Rf3 Ke6 37. Rh3 a5 38. Rxh7 Rc5 39. Kd2 Ke5 40. Rf7 Ke6 41. Rf2 a4 42. a3 g4 43. Bd3 Rg5 44. Rf4 1-0